Evaluation of the socio-Economic impact of small scale aquaculture in romeas hek district, ការវាយតំលៃទៅលើសង្គម-សេដ្ឋកិច្ចដែលជះឥទ្ធិពលនៃវារីវប្បកម្មជាលក្ខណះគ្រួសារ នៅក្នុងស្រុករមាសហែក, (Record no. 3676)

000 -LEADER
fixed length control field 00761nam a22001577a 4500
003 - CONTROL NUMBER IDENTIFIER
control field OSt
005 - DATE AND TIME OF LATEST TRANSACTION
control field 20151120140315.0
008 - FIXED-LENGTH DATA ELEMENTS--GENERAL INFORMATION
fixed length control field 151120b xxu||||| |||| 00| 0 eng d
040 ## - CATALOGING SOURCE
Transcribing agency RUA
082 ## - DEWEY DECIMAL CLASSIFICATION NUMBER
Classification number FIS ប៊ុន 1995 B159 Or.1
100 ## - MAIN ENTRY--PERSONAL NAME
9 (RLIN) 3955
Personal name ប៊ុន សុភ័ក្រ្ត
245 ## - TITLE STATEMENT
Title Evaluation of the socio-Economic impact of small scale aquaculture in romeas hek district, ការវាយតំលៃទៅលើសង្គម-សេដ្ឋកិច្ចដែលជះឥទ្ធិពលនៃវារីវប្បកម្មជាលក្ខណះគ្រួសារ នៅក្នុងស្រុករមាសហែក,
260 ## - PUBLICATION, DISTRIBUTION, ETC. (IMPRINT)
Place of publication, distribution, etc. Phnom Penh
Name of publisher, distributor, etc. RUA
Date of publication, distribution, etc. 1995
300 ## - PHYSICAL DESCRIPTION
Extent 112p.
Other physical details ill.
Dimensions 29cm.
942 ## - ADDED ENTRY ELEMENTS (KOHA)
Source of classification or shelving scheme
Koha item type FIS
Holdings
Price effective from Date last seen Permanent Location Not for loan Date acquired Source of classification or shelving scheme Koha item type Lost status Withdrawn status Date last checked out Total Checkouts Shelving location Damaged status Barcode Current Location Full call number
2015-11-202015-11-20Library Block B 2015-11-20 FIS    B160 RUA011927Library Block BFIS ប៊ុន 1995 B159 Or.1
2015-11-202015-11-20Library Block B 2015-11-20 FIS    B160 RUA011140Library Block BFIS ប៊ុន 1995 B159 Or.2
2015-11-202015-11-20Library Block B 2015-11-20 FIS    B160 RUA011141Library Block BFIS ប៊ុន 1995 B159 Or.3
2015-11-202015-11-20Library Block B 2015-11-20 FIS    B160 RUA011429Library Block BFIS ប៊ុន 1995 B159 Or.4
2015-11-202015-11-20Library Block B 2015-11-20 FIS    B160 RUA011142Library Block BFIS ប៊ុន 1995 B159 Or.5
2015-11-202015-11-20Library Block B 2015-11-20 FIS    B160 RUA011283Library Block BFIS ប៊ុន 1995 B159 Or.6
2015-11-202015-11-20Library Block B 2015-11-20 FIS    B160 RUA011216Library Block BFIS ប៊ុន 1995 B159 Or.7
2015-11-202015-11-20Library Block B 2015-11-20 FIS    B160 RUA011431Library Block BFIS ប៊ុន 1995 B159 Or.8
2015-11-202015-11-20Library Block B 2015-11-20 FIS    B160 RUA012000Library Block BFIS ប៊ុន 1995 B159 Or.9
2015-11-202022-06-24Library Block B 2015-11-20 FIS  2022-06-221B160 RUA011213Library Block BFIS ប៊ុន 1995 B159 Or.10
2015-11-202015-11-20Library Block B 2015-11-20 FIS    B160 RUA011143Library Block BFIS ប៊ុន 1995 B159 Or.11
មជ្ឈមណ្ឌលឯការនៃសាកលវិទ្យាល័យភូមិន្ទកសិកម្មចំការដូង

Powered by Koha